ISLAM : (Record no. 175472)
[ view plain ]
| 000 -LEADER | |
|---|---|
| fixed length control field | 01717nam a2200505 i 4500 |
| 001 - CONTROL NUMBER | |
| control field | vtls000589503 |
| 003 - CONTROL NUMBER IDENTIFIER | |
| control field | PNM |
| 005 - DATE AND TIME OF LATEST TRANSACTION | |
| control field | 20191216144711.0 |
| 008 - FIXED-LENGTH DATA ELEMENTS--GENERAL INFORMATION | |
| fixed length control field | 091007r20182010my a e | 001 0 eng |
| 020 ## - INTERNATIONAL STANDARD BOOK NUMBER | |
| International Standard Book Number | 9789675062353 |
| Terms of availability | RM 60.00 |
| Qualifying information | paperback |
| 039 #9 - LEVEL OF BIBLIOGRAPHIC CONTROL AND CODING DETAIL [OBSOLETE] | |
| Level of rules in bibliographic description | 201202291539 |
| Level of effort used to assign nonsubject heading access points | faezah |
| Level of effort used to assign subject headings | 201202291535 |
| Level of effort used to assign classification | faezah |
| Level of effort used to assign subject headings | 201202281024 |
| Level of effort used to assign classification | zuraidahs |
| Level of effort used to assign subject headings | 200910130912 |
| Level of effort used to assign classification | rosimah |
| 040 ## - CATALOGING SOURCE | |
| Original cataloging agency | BNM |
| Transcribing agency | PNM |
| Language of cataloging | eng |
| Modifying agency | PPAK |
| Description conventions | rda |
| 049 ## - LOCAL HOLDINGS (OCLC) | |
| Holding library | klpmal |
| 082 04 - DEWEY DECIMAL CLASSIFICATION NUMBER | |
| Classification number | 297 |
| Edition number | 23 |
| 090 00 - LOCALLY ASSIGNED LC-TYPE CALL NUMBER (OCLC); LOCAL CALL NUMBER (RLIN) | |
| Classification number (OCLC) (R) ; Classification number, CALL (RLIN) (NR) | 297 |
| Feature heading | QAR |
| Feature heading | G |
| 100 1# - MAIN ENTRY--PERSONAL NAME | |
| Personal name | Qaradawi, Yusuf, |
| Dates associated with a name | 1926- |
| 240 ## - UNIFORM TITLE | |
| Uniform title | Madkhal li-maʻrifat al-Islām. English |
| 245 10 - TITLE STATEMENT | |
| Title | ISLAM : |
| Remainder of title | AN INTRODUCTION / |
| Statement of responsibility, etc. | Yusuf Al-Qaradawi; translated from Arabic by Syed Bashir Ahmad Kasmiri |
| 264 #1 - PRODUCTION, PUBLICATION, DISTRIBUTION, MANUFACTURE, AND COPYRIGHT NOTICE | |
| Place of production, publication, distribution, manufacture | Petaling Jaya : |
| Name of producer, publisher, distributor, manufacturer | Islamic Book Trust, |
| Date of production, publication, distribution, manufacture, or copyright notice | 2010 |
| 300 ## - PHYSICAL DESCRIPTION | |
| Extent | xiii, 392pages ; |
| Dimensions | 22cm. |
| 336 ## - CONTENT TYPE | |
| Content type term | text |
| Source | rdacontent |
| 337 ## - MEDIA TYPE | |
| Media type term | unmediated |
| Source | rdamedia |
| 338 ## - CARRIER TYPE | |
| Carrier type term | volume |
| Source | rdacarrier |
| 500 ## - GENERAL NOTE | |
| General note | Translation of: Madkhal li-maʻrifat al-Islām.<br/> |
| General note | Translated from the Arabic. |
| General note | Includes index. |
| 650 10 - SUBJECT ADDED ENTRY--TOPICAL TERM | |
| Topical term or geographic name entry element | Islam |
| Topical term or geographic name entry element | Islam |
| General subdivision | Doctrines |
| 700 0# - ADDED ENTRY--PERSONAL NAME | |
| Personal name | Syed Bashir Ahmad Kasmiri |
| 942 ## - ADDED ENTRY ELEMENTS (KOHA) | |
| Source of classification or shelving scheme | Dewey Decimal Classification |
| Koha item type | Book |
| 949 ## - LOCAL PROCESSING INFORMATION (OCLC) | |
| 6 | 1000768425 |
| a | 297 QAR D |
| 6 | 1000768426 |
| a | 297 QAR D |
| 6 | 1000768427 |
| a | 297 QAR D |
| 6 | 1000768428 |
| a | 297 QAR D |
| 6 | 1000768429 |
| a | 297 QAR D |
| 6 | 1000768430 |
| a | 297 QAR D |
| 6 | 2000411408 |
| e | 1929091 |
| 6 | 2000411409 |
| e | 1929090 |
| 6 | 1000802293 |
| a | 297 QAR D |
| e | 1929092 |
| 6 | 1000802294 |
| a | 297 QAR D |
| e | 1929093 |
| 6 | 1000802295 |
| a | 297 QAR D |
| e | 1929094 |
| 6 | 1000802296 |
| a | 297 QAR D |
| e | 1929095 |
| 6 | 1000802297 |
| a | 297 QAR D |
| e | 1929096 |
| 6 | 1000802298 |
| a | 297 QAR D |
| e | 1929097 |
| Withdrawn | Not for loan | Current library | Shelving location | Date acquired | Total Checkouts | Total Renewals | Full call number | Barcode | Date last seen | Date last checked out | Koha item type |
|---|---|---|---|---|---|---|---|---|---|---|---|
| Perpustakaan Alor Setar | Pinjaman Dewasa | 23/12/2019 | 7 | 1 | 297 QAR | A01623508 | 25/03/2024 | 16/03/2024 | Book | ||
| Perpustakaan Awam Sungai Petani | Pinjaman Dewasa | 23/12/2019 | 2 | 297 QAR | A01623509 | 18/04/2026 | 04/04/2026 | Book | |||
| Perpustakaan Jitra | Pinjaman Dewasa | 23/12/2019 | 297 QAR | A01623510 | 23/12/2019 | Book | |||||
| Perpustakaan Kulim | Pinjaman Dewasa | 23/12/2019 | 1 | 297 QAR | A01623512 | 06/07/2022 | 20/06/2022 | Book | |||
| Perpustakaan Langkawi | Pinjaman Dewasa | 23/12/2019 | 1 | 297 QAR | A01623511 | 02/09/2025 | 12/08/2025 | Book |